| 000 -LEADER |
| fixed length control field |
01336 a2200301 4500 |
| 003 - CONTROL NUMBER IDENTIFIER |
| control field |
Nust |
| 005 - DATE AND TIME OF LATEST TRANSACTION |
| control field |
20170207164553.0 |
| 020 ## - INTERNATIONAL STANDARD BOOK NUMBER |
| International Standard Book Number |
1-59140-353-7 |
| 020 ## - INTERNATIONAL STANDARD BOOK NUMBER |
| International Standard Book Number |
1-59140-353-7 |
| 020 ## - INTERNATIONAL STANDARD BOOK NUMBER |
| International Standard Book Number |
1591403537 (ebook) |
| 035 ## - SYSTEM CONTROL NUMBER |
| System control number |
(CaPaEBR)ebr10080039 |
| 035 ## - SYSTEM CONTROL NUMBER |
| System control number |
(EBZ)ebs306868e |
| 035 ## - SYSTEM CONTROL NUMBER |
| System control number |
(WaSeSS)ssj0000118474 |
| 040 ## - CATALOGING SOURCE |
| Transcribing agency |
Nust |
| 082 04 - DEWEY DECIMAL CLASSIFICATION NUMBER |
| Classification number |
658.4/038 |
| 245 00 - TITLE STATEMENT |
| Title |
Case studies in knowledge management (E BOOK) |
| Medium |
[Elektronisk resurs] |
| Statement of responsibility, etc. |
Murray Jennex, editor. |
| 260 ## - PUBLICATION, DISTRIBUTION, ETC. |
| Place of publication, distribution, etc. |
Hershey PA : |
| Name of publisher, distributor, etc. |
Idea Group Pub., |
| Date of publication, distribution, etc. |
c2005. |
| 300 ## - PHYSICAL DESCRIPTION |
| Extent |
xii, 372 p. |
| 650 #0 - SUBJECT ADDED ENTRY--TOPICAL TERM |
| Topical term or geographic name entry element |
Information technology |
| General subdivision |
Management. |
| 650 #0 - SUBJECT ADDED ENTRY--TOPICAL TERM |
| Topical term or geographic name entry element |
Knowledge management |
| 655 #7 - INDEX TERM--GENRE/FORM |
| Genre/form data or focus term |
Electronic books. |
| 700 1# - ADDED ENTRY--PERSONAL NAME |
| Personal name |
Jennex, Murray E., |
| Dates associated with a name |
1956- |
| 710 2# - ADDED ENTRY--CORPORATE NAME |
| Corporate name or jurisdiction name as entry element |
ebrary, Inc. |
| 856 40 - ELECTRONIC LOCATION AND ACCESS |
| Uniform Resource Identifier |
<a href="http://link.sub.su.se/sfxsub?url_ver=Z39.88-2004&ctx_ver=Z39.88-2004&ctx_enc=info:ofi/enc:UTF-8&rfr_id=info:sid/sfxit.com:opac_856&url_ctx_fmt=info:ofi/fmt:kev:mtx:ctx&sfx.ignore_date_threshold=1&rft.object_id=1000000000210077&svc_val_fmt=info:ofi/fmt:kev:mtx:sch_svc&">http://link.sub.su.se/sfxsub?url_ver=Z39.88-2004&ctx_ver=Z39.88-2004&ctx_enc=info:ofi/enc:UTF-8&rfr_id=info:sid/sfxit.com:opac_856&url_ctx_fmt=info:ofi/fmt:kev:mtx:ctx&sfx.ignore_date_threshold=1&rft.object_id=1000000000210077&svc_val_fmt=info:ofi/fmt:kev:mtx:sch_svc&</a> |
| 856 40 - ELECTRONIC LOCATION AND ACCESS |
| Uniform Resource Identifier |
<a href="http://proxy.lib.chalmers.se/login?url=http://library.books24x7.com/library.asp?^B&bookid=10834">http://proxy.lib.chalmers.se/login?url=http://library.books24x7.com/library.asp?^B&bookid=10834</a> |
| 856 40 - ELECTRONIC LOCATION AND ACCESS |
| Uniform Resource Identifier |
<a href="https://libraryproxy.his.se/login?url=http://site.ebrary.com/lib/hiskovde/Doc?id=10080039">https://libraryproxy.his.se/login?url=http://site.ebrary.com/lib/hiskovde/Doc?id=10080039</a> |
| 856 40 - ELECTRONIC LOCATION AND ACCESS |
| Uniform Resource Identifier |
<a href="https://lt.ltag.bibl.liu.se/login?url=http://www.books24x7.com/marc.asp?bookid=10834">https://lt.ltag.bibl.liu.se/login?url=http://www.books24x7.com/marc.asp?bookid=10834</a> |
| 942 ## - ADDED ENTRY ELEMENTS (KOHA) |
| Source of classification or shelving scheme |
|
| Koha item type |
Book |